000 00571nam a2200205Ia 4500
005 20250508151902.0
008 008 250505s9999 xx 000 0 san d
037 _aTextual
040 _aFEDL
_beng
_cFEDL
041 _asan
_2eng
084 _a371.3, PAN
_qFEDL
100 _aPanse B
_9760272
245 0 _aAddhunik shikshan sastra
260 _aPune, India
_bDe Shri Joshi and D. B. Lokhande
_c1953
300 _a416p.
650 _aTeaching Technique
700 _a Bhorkar D H
_9760273
942 _cTEXL
_h371.3, PAN
999 _c1332721
_d1332721